| 000 | 00580nam a22001577a 4500 | ||
|---|---|---|---|
| 003 | MACL | ||
| 005 | 20151030173631.0 | ||
| 008 | 151030b xxu||||| |||| 00| 0 eng d | ||
| 040 | _cMACL | ||
| 041 | _aHindi | ||
| 082 | _a370 | ||
| 100 |
_aडॉ लाल सिंग यादव _917248 |
||
| 245 | _aमध्य प्रदेश सविधान शाला शिक्षक पात्रता परीक्षा श्रेणी 2 विज्ञान | ||
| 260 |
_aआगरा _bउपकार प्रकशन _c२०१४ |
||
| 942 |
_2ddc _cHIN |
||
| 999 |
_c50444 _d50444 |
||